| 000 | 00536nam a2200181 a 4500 | ||
|---|---|---|---|
| 001 | 000010992 | ||
| 005 | 20240412074222.0 | ||
| 008 | 091013s1994 dr a 000 0 spa d | ||
| 040 |
_aDO-SdBNP _bspa _cBNPHU |
||
| 082 |
_aRD861.44 _bV162d |
||
| 100 | 1 |
_aValera Benítez, Rafael _924318 |
|
| 245 | 1 | 3 |
_aEl desamparado y la provincia / _cRafael Valera Benítez. |
| 260 |
_aSanto Domingo : _bONAP, _c1994. |
||
| 300 |
_a65 P. : _bil. ; _c22 cm. |
||
| 650 | 0 |
_aPoesía dominicana _966 |
|
| 650 | 0 |
_aLiteratura dominicana. _967 |
|
| 049 | _aBNPD | ||
| 999 |
_c10730 _d10730 |
||